000 00692nam a2200229 a 4500
999 _c3091
_d3091
001 3091
003 BD-JhCC
005 20171109195044.0
008 171109s1973 bg |||| ||a| 000 0 ben d
035 _a(BD-JhCC)3091
040 _aBD-JhCC
_dBD-JhCC
041 _aben
082 _a891.442
_bBRA 1973
100 _aব্রেসিয়ার, রুডলফ
245 _aসহসা জীবন /
_c রুডলফ ব্রেসিয়ার
260 _aঢাকা :
_bবাঙলা একাডেমী,
_c১৯৭৩.
300 _a84 p. :
_c21 cm.
650 _aBengali Novel
700 _aহানুম, খালেদা
942 _2ddc
_cBK